Geography Chain #3 - Statistics

General Stats
  • This quiz has been taken 596 times
    580 since last reset
  • The average score is 16 of 20
Answer Stats
Hint Answer % Correct
Country whose largest city is Sydney / Melbourne Australia
100%
Most populous country in which ^ is spoken Mexico / Brazil
86%
Language spoken in ^ Spanish / Portugese
86%
The flag of ^ is white and ... Red
85%
Capital on the Iberian Peninsula with ^ letters Madrid / Lisbon
84%
Number of neighboring countries of ^ 1
83%
Scandinavian country with ^ neighboring countries Denmark
83%
Country to which most refugees from ^ emigrate USA
83%
Largest federal state of ^ Alaska
81%
The Australia flag with ^ stars belongs to which country New Zealand
79%
Number of letters of ^ capital 10
78%
^ is the ... - largest country in the world by area 6
78%
^ is the border between Asia and ... Europe
74%
Ocean on which ^ lies Atlantic
73%
Ocean that is larger than ^ Pacific
72%
If you exchange a letter at ^, you get this mountain range Ural
69%
Country, with the westernmost point of ^ Portugal
68%
Most populous country on ^ China
65%
double landlocked country with ^ letters Uzbekistan
63%
The largest lake in ^ is the ... Sea Aral
61%
No matching quizzes found
Score Distribution
Percent of People with Each Score
Percentile by Number Answered
Your Score History
You have not taken this quiz since the last reset